000 01001nam a2200229Ia 4500
003 GCL
008 140319s9999 xx 000 0 ara d
020 _a3055909977
040 _aGCL /
_cGCL
082 0 4 _a923.4
_bإ ط
100 1 _aابراهيم البيومى غانم
245 1 0 _aطارق البشرى القاضى المفكر :
_bالكلمات والبحوث التى ألقيت فى الندوة العلمية الأهلية للاحتفاء بالمستشار : طارق البشرى بمناسبة انتهاء ولايته القضائية بمجلس الدولى المصرى /
_cابراهيم البيومى غانم
250 _aالاولى
260 _aالقاهرة :
_bدار الشروق ،
_c1999
300 _a318 ص ؛
_c24 سم
650 0 4 _aالسلطة القضائية
650 0 4 _aالحصانة القضائية
650 0 4 _aالقضاة - تراجم
650 0 4 _aالقضاة - تقاعد
650 0 4 _aالقانون ( مهنة )
942 _2ddc
_cBK
999 _c9577
_d9577